Detalles MARC
| 000 -CABECERA |
| Longitud fija campo de control |
03137nam a2200397 c 4500 |
| 001 - NÚMERO DE CONTROL |
| Número de control |
51544 |
| 003 - IDENTIFICADOR DE NÚMERO DE CONTROL |
| Identificador del número de control |
ES-MaCES |
| 005 - FECHA Y HORA DE LA ÚLTIMA TRANSACCIÓN |
| Fecha y hora de la última transacción |
20201022142816.0 |
| 008 - CAMPO FIJO DE DESCRIPCIÓN FIJA--INFORMACIÓN GENERAL |
| Códigos de información de longitud fija |
201022s2020 sp 010 | spa d |
| 017 ## - NÚMERO DE REGISTRO DE DERECHOS DE AUTOR Y DEPÓSITO LEGAL |
| Número de copyright o de depósito legal |
M 3852-2020 |
| Agencia que asigna el número |
DL |
| 020 ## - ISBN (INTERNATIONAL STANDARD BOOK NUMBER) |
| Número Internacional Normalizado para Libros (ISBN) |
9788416668908 |
| 040 ## - FUENTE DE CATALOGACIÓN |
| Centro catalogador de origen |
ES-MaCES |
| Lengua de catalogación |
spa |
| Centro transcriptor |
ES-MaCES |
| 245 00 - MENCIÓN DE TÍTULO |
| Título |
Procedimientos especiales de la OIT |
| Resto del título |
: reflexiones y propuestas en el contexto del centenario |
| Mención de responsabilidad, etc. |
Alejandra Isabel Celi Maldonado ... [et al.] ; dir. y coord., Tatsiana Ushakova ; pr. Miguel Rodríguez-Piñero y Bravo Ferrer |
| 250 ## - MENCIÓN DE EDICIÓN |
| Mención de edición |
1ª ed |
| 260 ## - PUBLICACIÓN, DISTRIBUCIÓN, ETC (PIE DE IMPRENTA) |
| Lugar de publicación, distribución, etc. |
Madrid |
| Nombre del editor, distribuidor, etc. |
Cinca |
| Fecha de publicación, distribución, etc. |
2020 |
| 300 ## - DESCRIPCIÓN FÍSICA |
| Extensión |
199 p. |
| Dimensiones |
24 cm |
| 490 0# - MENCIÓN DE SERIE |
| Mención de serie |
Colección estudios laborales |
| Designación de volumen o secuencia |
30 |
| 520 3# - RESUMEN, ETC. |
| Sumario, etc, |
La reciente iniciativa del centenario de la Organización Internacional del Trabajo ha propiciado un momento muy oportuno para analizar, de manera crítica, sus mecanismos de control y supervisión. Constituyen el objeto central del estudio los procedimientos especiales, que incluyen el procedimiento de reclamación, el procedimiento de queja y los procedimientos en materia de libertad sindical, y que se distinguen de los mecanismos de control periódico.<br/>Con este análisis, se pretende avivar el debate no tanto desde la perspectiva del futuro del trabajo, sino desde la óptica del futuro de la propia Organización. Resulta evidente que la eficacia de los procesos de creación y aplicación de las normas de la OIT se fundamenta, en gran medida, en los mecanismos de control y supervisión.<br/>Depende de dichos procedimientos los objetivos constitucionales de la Organización, íntimamente ligados a su estructura tripartita, única en el mundo.<br/>En la Declaración del Centenario, de 21 de junio de 2019, la OIT alude al sistema de control y supervisión de las normas en los términos siguientes: “La elaboración, la promoción, la ratificación y el control del cumplimiento de las normas internacionales del trabajo tienen una importancia fundamental para la OIT. Para ello, la Organización debe tener y promover un corpus de normas internacionales del trabajo sólido, claramente definido y actualizado y seguir aumentando la transparencia. Las normas internacionales del trabajo también deben responder a la evolución del mundo del trabajo, proteger a los trabajadores y tener en cuenta las necesidades de las empresas sostenibles, y estar sujetas a un control reconocido y efectivo”.<br/><br/> |
| 541 ## - NOTA DE LA FUENTE INMEDIANTE DE ADQUISICIÓN |
| Forma de adquisición |
Compra |
| 650 #4 - ASIENTO SECUNDARIO DE MATERIA--TÉRMINO DE MATERIA |
| Término de materia o nombre geográfico como elemento inicial |
actividad normativa de la OIT |
| 9 (RLIN) |
30712 |
| 650 #4 - ASIENTO SECUNDARIO DE MATERIA--TÉRMINO DE MATERIA |
| Término de materia o nombre geográfico como elemento inicial |
norma internacional del trabajo |
| 9 (RLIN) |
30609 |
| 650 #4 - ASIENTO SECUNDARIO DE MATERIA--TÉRMINO DE MATERIA |
| Término de materia o nombre geográfico como elemento inicial |
libertad sindical |
| 9 (RLIN) |
27177 |
| 650 #4 - ASIENTO SECUNDARIO DE MATERIA--TÉRMINO DE MATERIA |
| Término de materia o nombre geográfico como elemento inicial |
Convenio de la OIT |
| 9 (RLIN) |
29026 |
| 650 #4 - ASIENTO SECUNDARIO DE MATERIA--TÉRMINO DE MATERIA |
| Término de materia o nombre geográfico como elemento inicial |
procedimiento laboral |
| 9 (RLIN) |
30887 |
| 650 #4 - ASIENTO SECUNDARIO DE MATERIA--TÉRMINO DE MATERIA |
| Término de materia o nombre geográfico como elemento inicial |
reclamación |
| 9 (RLIN) |
28266 |
| 650 #4 - ASIENTO SECUNDARIO DE MATERIA--TÉRMINO DE MATERIA |
| Término de materia o nombre geográfico como elemento inicial |
mecanismo de control |
| 9 (RLIN) |
29918 |
| 650 #4 - ASIENTO SECUNDARIO DE MATERIA--TÉRMINO DE MATERIA |
| Término de materia o nombre geográfico como elemento inicial |
aplicación |
| 9 (RLIN) |
29859 |
| 650 #4 - ASIENTO SECUNDARIO DE MATERIA--TÉRMINO DE MATERIA |
| Término de materia o nombre geográfico como elemento inicial |
papel de la OIT |
| 9 (RLIN) |
29112 |
| 653 10 - TÉRMINO DE INDEXACIÓN--NO CONTROLADO |
| Término no controlado |
Organizaciones |
| 700 1# - ENCABEZAMIENTO SECUNDARIO--NOMBRE PERSONAL |
| Nombre de persona |
Celi Maldonado, Alejandra Isabel |
| 9 (RLIN) |
39744 |
| 700 1# - ENCABEZAMIENTO SECUNDARIO--NOMBRE PERSONAL |
| Nombre de persona |
Ushakova, Tatsiana |
| Término indicativo de función |
dir. y coord. |
| 9 (RLIN) |
25370 |
| 700 1# - ENCABEZAMIENTO SECUNDARIO--NOMBRE PERSONAL |
| Nombre de persona |
Rodríguez-Piñero, Miguel |
| Término indicativo de función |
pr. |
| 9 (RLIN) |
22409 |
| 830 #0 - ENCABEZAMIENTO SECUNDARIO DE COLECCIÓN--TÍTULO UNIFORME |
| Título uniforme |
Colección Estudios laborales (Ediciones Cinca) |
| 9 (RLIN) |
34069 |
| Designación de volumen o secuencia |
30 |
| 902 ## - CES. TIPO DE DOCUMENTO |
| Tipodoc (006$c Sirtex) |
LIB Libro |
| 942 ## - ELEMENTOS KOHA |
| Fuente de clasificaión o esquema |
Clasificación propia del CES |
| Koha [por defecto] tipo de item |
Monografías |
| Parte de clasificación |
Administración e Instituciones Públicas |